[Event "Bergamo Province-ch"]
[Site "Bergamo"]
[Date "2004.11.05"]
[Round "5"]
[White "Pezzotta, Gianfranco"]
[Black "Gozzini, Giambattista"]
[Result "0-1"]
[WhiteElo "1580"]
[BlackElo "1715"]
[PlyCount "112"]
[EventDate "2004.10.08"]
[EventType "swiss"]
[EventRounds "8"]
[EventCountry "ITA"]
[SourceTitle "EXT 2023"]
[Source "ChessBase"]
[SourceDate "2022.10.05"]
[SourceVersion "1"]
[SourceVersionDate "2022.10.05"]
[SourceQuality "1"]

1. e4 c6 2. Nf3 d5 3. exd5 cxd5 4. d4 Bg4 5. h3 Bh5 6. Nc3 e6 7. Be2 Nc6 8. a3 Be7 9. 0-0 Nf6 10. Qd3 Bxf3 11. Bxf3 a6 12. Bf4 Bd6 13. Bxd6 Qxd6 14. Na4 b5 15. Nc3 0-0 16. b4 Rfc8 17. Nb1 e5 18. Be2 Nxd4 19. c3 Nxe2+ 20. Qxe2 Ne4 21. Re1 f6 22. Qd3 Qc6 23. Re3 Nxc3 24. Qxc3 Qb6 25. Qe1 d4 26. Re4 Rc2 27. Nd2 a5 28. Nb3 axb4 29. axb4 Rxa1 30. Qxa1 Qc6 31. Re1 Qc4 32. Qa8+ Kf7 33. Qb7+ Kg6 34. Qe4+ Kf7 35. Nc5 Qxb4 36. Qxc2 Qxe1+ 37. Kh2 Qc3 38. Qa2+ Qc4 39. Qa7+ Kg6 40. Qa3 b4 41. Qd3+ Qxd3 42. Nxd3 b3 43. Kg1 e4 44. Nb2 Kf5 45. Kf1 Ke5 46. Ke2 Kd5 47. f4 f5 48. g4 g6 49. g5 Kc5 50. Kd2 Kb4 51. Nd1 Ka3 52. Kc1 e3 53. Nb2 Kb4 54. h4 Kc3 55. Nd1+ Kd3 56. Nb2+ Ke4 0-1

[Event "Bergamo Province-ch"]
[Site "Bergamo"]
[Date "2004.10.15"]
[Round "2"]
[White "Testa, Luigi"]
[Black "Pezzotta, Gianfranco"]
[Result "0-1"]
[WhiteElo "1548"]
[BlackElo "1580"]
[PlyCount "166"]
[EventDate "2004.10.08"]
[EventType "swiss"]
[EventRounds "8"]
[EventCountry "ITA"]
[SourceTitle "EXT 2023"]
[Source "ChessBase"]
[SourceDate "2022.10.05"]
[SourceVersion "1"]
[SourceVersionDate "2022.10.05"]
[SourceQuality "1"]

1. e4 c5 2. Nf3 Nc6 3. Bc4 g6 4. 0-0 Bg7 5. Ng5 Ne5 6. Be2 d6 7. f4 Nc6 8. c3 e6 9. d3 Nge7 10. Qb3 0-0 11. Nd2 a6 12. Nc4 b5 13. Nd2 Qb6 14. Kh1 a5 15. Bg4 a4 16. Qd1 f5 17. exf5 exf5 18. Bf3 h6 19. Nh3 Bb7 20. Qe1 Rae8 21. a3 d5 22. Qg3 Na5 23. Rb1 d4 24. c4 b4 25. Bxb7 Qxb7 26. Ng1 Nb3 27. Nxb3 axb3 28. axb4 Qxb4 29. Nf3 Kh7 30. Bd2 Qb6 31. h3 Bf6 32. Rfe1 Nc6 33. Rxe8 Rxe8 34. Re1 Rxe1+ 35. Qxe1 Qc7 36. Qe6 Kg7 37. Kh2 Nd8 38. Qe1 Nf7 39. g3 Qc6 40. Qd1 Qe6 41. Bc1 Qb6 42. Nd2 g5 43. Nxb3 Kg6 44. Nd2 h5 45. b3 g4 46. hxg4 hxg4 47. Nb1 Qb8 48. Kg2 Qa8+ 49. Kg1 Nd8 50. Na3 Nc6 51. Nb5 Nb4 52. Ba3 Qc6 53. Bxb4 cxb4 54. Na7 Qb7 55. Nb5 Qc6 56. Qe2 Kh5 57. Qg2 Qe6 58. Qf2 Qa6 59. Nc7 Qa1+ 60. Qf1 Qb2 61. Qd1 Qa3 62. Nd5 Kg6 63. Qc2 Qa8 64. Kg2 Qh8 65. Kg1 Qe8 66. Qd2 Be7 67. Kf2 Kf7 68. Qe2 Bc5 69. Qa2 Qe6 70. Qd2 Qh6 71. Qe1 Qh2+ 72. Kf1 Qh1+ 73. Ke2 Qf3+ 74. Kd2 Qg2+ 75. Kc1 Qa2 76. Qd2 Qxb3 77. Qc2 Qa3+ 78. Qb2 Qxd3 79. Nxb4 Qf1+ 80. Kd2 Qf2+ 81. Kc1 Qxb2+ 82. Kxb2 Bxb4 83. Kc2 Ke6 0-1